000 00389cam a22001097a 4500
008 180718b1973 xxu||||| |||| 00| 0 eng d
082 _aQ03x5 Un3
245 _aComparative study of social welfare legislation in the countries of the ecafe region
_cby Economic Commission, Asia
260 _aNew York
_bUnited Nations Publications
_c1973
300 _a51p.
700 _aAsia, Economic Commission
999 _c495075
_d495075